frontiers in mathematical biology
Saved in:
| 主要作者: | |
|---|---|
| 格式: | 圖書 |
| 語言: | 英语 |
| 出版: |
Berlín
Springer-Verlag
1994
|
| 叢編: | Lecture Notes in Biomathematics, 100
|
| 主題: | |
| 標簽: |
添加標簽
沒有標簽, 成為第一個標記此記錄!
|
MARC
| LEADER | 00000nam a2200000 a 4500 | ||
|---|---|---|---|
| 001 | UCU1298 | ||
| 003 | CL-VaPUC | ||
| 008 | 960404e19940000GW |||||||||||||||||eng|d | ||
| 082 | 0 | 4 | |a 570.15195 |b LEV |2 21 |
| 100 | |a Levin, Simon A |e author |9 619189 | ||
| 245 | 1 | 0 | |a frontiers in mathematical biology |
| 300 | |a 633 p | ||
| 942 | |c BK | ||
| 945 | |d 19960404 00:00:00 |a rbrito | ||
| 260 | |a Berlín |b Springer-Verlag |c 1994 | ||
| 650 | 7 | |a BIOMATEMATICAS |2 CL-VaPUC |9 260148 | |
| 650 | 0 | |a Células |9 269548 | |
| 650 | 0 | |a Biología |9 262022 | |
| 650 | 0 | |a Genes |9 330314 | |
| 650 | 7 | |a MORFOMETRIA |2 CL-VaPUC |9 356926 | |
| 650 | 0 | |a Ecología |9 258124 | |
| 650 | 0 | |a Demografía |9 260008 | |
| 650 | 7 | |a ECOSISTEMA |2 CL-VaPUC |9 347937 | |
| 583 | |a last modification |c 19960404 00:00:00 |k Rodrigo Vera | ||
| 490 | 0 | |a Lecture Notes in Biomathematics, 100 | |
| 999 | |c 245963 |d 245961 | ||
| 952 | |0 0 |1 0 |4 0 |6 570_151950000000000_LEV_1994 |7 0 |8 A |9 260627 |a BIBMAT |b BIBMAT |d 2019-11-19 |i 3171647 |o 570.15195 LEV 1994 |p 3171647 |r 2025-01-07 |w 2019-11-19 |y BK |k MAT | ||